000 00801nam a2200205Ii 4500
003 JO-AjNU
008 230605s9999||||xx |||||||||||||| ||und||
017 _a1997/11/1688
040 _aJO-AjNU
_bara
_erda
_cJO-AjNU
041 _aara
050 1 4 _aKMM279.Q22.2010
100 3 _aالقبيلات ، حمدي سليمان سحيمات ,
_eauthor
_920976
245 0 0 _aالرقابة الإدارية والمالية على الأجهزة الحكومية " دراسة تحليلية وتطبيقية "
250 _aط1
264 3 1 _aعمان : دار الثقافة ، 2010
336 _atext
_btxt
_2rdacontent
337 _aunmediated
_bn
_2rdamedia
338 _avolume
_bnc
_2rdacarrier
650 4 _aالعلوم الاجتماعية -- الادارة المالية الحكومية
_920977
999 _aA7210
_c10778
_d10778